ბათუმის შოთა რუსთაველის სახელმწიფო უნივერსიტეტის ბიბლიოთეკა

The colosseum. (ბიბ.ჩანაწერი № 47038)

000 -LEADER
fixed length control field 00433nam a2200193Ia 4500
001 - CONTROL NUMBER
control field 13894
003 - CONTROL NUMBER IDENTIFIER
control field GE_BSU
008 - FIXED-LENGTH DATA ELEMENTS--GENERAL INFORMATION
fixed length control field 181216s||||||||xx |||||||||||||| ||und||
040 ## - CATALOGING SOURCE
Transcribing agency GE_BSU
100 ## - MAIN ENTRY--PERSONAL NAME
Personal name Quennell,Peter.
245 #4 - TITLE STATEMENT
Title The colosseum.
245 #4 - TITLE STATEMENT
Statement of responsibility, etc. The editors of the newsweek book division.
260 ## - PUBLICATION, DISTRIBUTION, ETC.
Place of publication, distribution, etc. London.
260 ## - PUBLICATION, DISTRIBUTION, ETC.
Date of publication, distribution, etc. 1971
300 ## - PHYSICAL DESCRIPTION
Extent 172p;29cm.
300 ## - PHYSICAL DESCRIPTION
Other physical details ill.
653 ## - INDEX TERM--UNCONTROLLED
Uncontrolled term The colosseum.
942 ## - ADDED ENTRY ELEMENTS (KOHA)
Koha item type წიგნი
ეგზემპლარები
Withdrawn status Lost status Damaged status Not for loan Date acquired Barcode Date last seen Price effective from Koha item type
        2018-12-17 36797 2018-12-17 2018-12-17 წიგნი